| 000 | 01083nam a2200253 a 4500 | ||
|---|---|---|---|
| 001 | 000006466 | ||
| 005 | 20200929153932.0 | ||
| 008 | 090831s1990 dr a 000 0 spa d | ||
| 040 |
_aDO-SdBNP _bspa _cBNPHU |
||
| 082 |
_a305.42 _bG633p |
||
| 100 | 1 |
_aGómez, Carmen Julia _92077 |
|
| 245 | 1 | 0 |
_aLa problemática de las jefas del hogar : _bevidencia de la insubordinación social de las mujeres / _cCarmen Julia Gómez. |
| 260 |
_aSanto Domingo, : _bCentro de Investigación para la Acción Femenina, _c1990. |
||
| 300 |
_a61 p. : _bil., tablas ; _c21 cm. |
||
| 490 | 1 | _aColección Concurso de Investigación | |
| 504 | _aBibliografía: p.59-61. | ||
| 590 | _aInventariado, 2019 / DG | ||
| 650 | 4 |
_aDerechos de la mujer _zRepública Dominicana _92757 |
|
| 650 | 4 |
_aMujeres _xSituación legal _zRepública Dominicana _96395 |
|
| 650 | 4 |
_aMujeres _xCuestiones sociales y morales _zRepública Dominicana _97010 |
|
| 650 | 4 |
_aDiscriminación sexual contra la mujer _zRepública Dominicana _917932 |
|
| 830 | 0 |
_aConcurso de Investigación _917933 |
|
| 910 | _aValidado. Control de calidad EMS | ||
| 999 |
_c6259 _d6259 |
||